Lokálne značky sú naša výhoda
Ako obstáť s lokálnymi produktami v globalizovanom obchode. Rozhovor.
Saved in:
| Main Author: | |
|---|---|
| Other Authors: | |
| Format: | Book Chapter |
| Language: | Slovak |
| Subjects: | |
| Tags: |
No Tags, Be the first to tag this record!
|
MARC
| LEADER | 00000naa a2200000 4500 | ||
|---|---|---|---|
| 001 | 0224238 | ||
| 005 | 20161109092130.0 | ||
| 041 | 0 | |a slo | |
| 044 | |a SK | ||
| 245 | 1 | 0 | |a Lokálne značky sú naša výhoda |c Táňa Krausz, Ľuboš Mudrák |
| 520 | |a Ako obstáť s lokálnymi produktami v globalizovanom obchode. Rozhovor. | ||
| 610 | 2 | 0 | |a obchod |
| 610 | 2 | 0 | |a globalizácia hospodárstva |
| 610 | 2 | 0 | |a podnik rodinný |
| 610 | 2 | 0 | |a priemysel mliekarský |
| 610 | 2 | 0 | |a výrobky domáce |
| 610 | 2 | 0 | |a značky výrobkov |
| 610 | 2 | 0 | |a značky kvality |
| 100 | 1 | |a Krausz, Táňa | |
| 700 | 1 | |a Mudrák, Ľuboš | |